Fotografía objeto. La superación de la estética del documento.

Uloženo v:
Podrobná bibliografie
Hlavní autor: Río, Víctor del (autor)
Médium: Kniha
Vydáno: Salamanca, España: Ediciones Universidad de Salamanca, 2008.
Vydání:1.ª edición.
Edice:FOCUS ;
Témata:
Tagy: Přidat tag
Žádné tagy, Buďte první, kdo vytvoří štítek k tomuto záznamu!

MARC

LEADER 00000nam a22000007a 4500
003 CL-VaPUC
005 20250321101914.0
008 250109t2008 ||||| |||| 00| 0 eng d
999 |c 446413  |d 446411 
020 |a 978-84-782-298-6 
040 |c Pontificia Universidad Católica de Valparaíso 
082 7 |a 770.1 RIO 2008  |2 22 
100 |a Río, Víctor del   |e autor   |9 895178 
245 |a Fotografía objeto.  |b La superación de la estética del documento.  
250 |a 1.ª edición.  
260 |a Salamanca, España:   |b Ediciones Universidad de Salamanca,   |c 2008. 
300 |a 156 páginas :  |b  ilustraciones. 
490 |a FOCUS ;  |n  9. 
500 |a c.1-c.2. Instituto Arcos 8-1-2025. 
583 |c 20250109  |k GC 
650 |a Fotografía (Filosofía)   |9 895177 
942 |2 ddc  |c BK  |n 0 
952 |0 0  |1 0  |2 ddc  |4 0  |6 770_100000000000000_RIO_2008  |7 0  |8 A  |9 599057  |a BIBINC  |b BIBINC  |d 2025-01-09  |e Instituto Arcos  |i 5664036  |o 770.1 RIO 2008  |p 5664036  |r 2025-01-09  |t 1  |w 2025-01-09  |y BK  |k IFP 
952 |0 0  |1 0  |2 ddc  |4 0  |6 770_100000000000000_RIO_2008  |7 0  |8 A  |9 599058  |a BIBINC  |b BIBINC  |d 2025-01-09  |e Instituto Arcos  |i 5664037  |o 770.1 RIO 2008  |p 5664037  |r 2025-01-09  |t 2  |w 2025-01-09  |y BK  |k IFP